01165nam a2200193Ia 4500001001100000003001000011008004100021040002500062041001300087100001800100245007500118250001100193260008100204300001200285500026200297501011400559520026200673650003600935L200-53247IT-CnALBA170116s9999||||xx |||||||||||||| ||und|| aIT-CnALBAcIT-CnALBA aITALIANO aSTEFANI PIERO 0aCHIESA EBRAISMO E ALTRE RELIGIONI. N. 9. COMMENTO ALLA NOSTRA AETATE.  a1a ed. a PADOVAbMESSAGGERO EDIZIONI c1998 [1° Ed.:1998 - Ed.Ling.Originale: 1998] a267 p.  aSGUARDO GENERALE ALLA DICHIARAZIONE. SFONDO STORICO DELLA QUESTIONE EBRAICA. GENESI REMOTA "NOSTRA AETATE". LA FASI DURANTE IL CONCILIO. INTRODUZIONE. ENIGMI DELLA CONDIZIONE UMANA. LE DIVERSE RELIGIONI NON CRISTIANE. MUSULMANA. EBRAICA. FRATERNITÀ UNIVER aSocietà San Paolo EM - Piazza San Paolo, 14 - 12051 ALBA (CN) (non commercial uses only) ® Copyright 2017 aSGUARDO GENERALE ALLA DICHIARAZIONE. SFONDO STORICO DELLA QUESTIONE EBRAICA. GENESI REMOTA "NOSTRA AETATE". LA FASI DURANTE IL CONCILIO. INTRODUZIONE. ENIGMI DELLA CONDIZIONE UMANA. LE DIVERSE RELIGIONI NON CRISTIANE. MUSULMANA. EBRAICA. FRATERNITÀ UNIVER aRELIGIONE - RELIGIONE CRISTIANA